000 00441nam a2200181Ia 4500
005 20240823044716.0
008 240823s9999||||xx |||||||||||||| ||und||
041 _aENGLISH
082 _A658.45 N1
100 _aM.N.Reddy and B.P.Sinha
245 0 _aOrganizational Communication
250 _a1st
260 _c1991
_b"Mittal,New Delhi"
500 _aYES
650 _aManagement
_bManagement Studies
942 _cBK
999 _c213243
_d213243